[Event "Tournoi International du Pays de Charleroi 2018"]
[Site "Roux, Belgium"]
[Date "2018.08.02"]
[Round "7.22"]
[White "Guion, Geoffrey"]
[Black "Roos, David"]
[Result "1-0"]
[WhiteElo "1988"]
[BlackElo "2142"]

1. e4 {[%clk 01:30:57]} c5 {[%clk 01:30:54]} {[%emt 00:00:08]} 2. Nf3 {[%clk
01:31:19]} {[%emt 00:00:08]} d6 {[%clk 01:31:19]} {[%emt 00:00:06]} 3. Bb5+
{[%clk 01:31:42]} {[%emt 00:00:05]} Nd7 {[%clk 01:31:46]} {[%emt 00:00:04]} 4.
d4 {[%clk 01:31:50]} {[%emt 00:00:21]} cxd4 {[%clk 01:32:10]} {[%emt 00:00:07]}
5. Qxd4 {[%clk 01:32:13]} {[%emt 00:00:06]} a6 {[%clk 01:32:21]} {[%emt
00:00:20]} 6. Bxd7+ {[%clk 01:32:37]} {[%emt 00:00:06]} Bxd7 {[%clk 01:32:48]}
{[%emt 00:00:03]} 7. c4 {[%clk 01:32:56]} {[%emt 00:00:10]} b5 {[%clk
01:31:01]} {[%emt 00:02:19]} 8. Nc3 {[%clk 01:28:53]} {[%emt 00:04:32]} Rc8
{[%clk 01:28:41]} {[%emt 00:02:51]} 9. cxb5 {[%clk 01:27:52]} {[%emt 00:01:30]}
axb5 {[%clk 01:27:55]} {[%emt 00:01:16]} 10. O-O {[%clk 01:26:59]} {[%emt
00:01:21]} e5 {[%clk 01:11:34]} {[%emt 00:16:53]} 11. Qd3 {[%clk 01:26:24]}
{[%emt 00:01:04]} Qb6 {[%clk 01:11:26]} {[%emt 00:00:39]} 12. Be3 {[%clk
01:23:57]} {[%emt 00:02:56]} Qb7 {[%clk 01:09:36]} {[%emt 00:02:21]} 13. Rfd1
{[%clk 01:20:56]} {[%emt 00:03:30]} h6 {[%clk 01:01:04]} {[%emt 00:09:03]} 14.
Nd5 {[%clk 01:13:10]} {[%emt 00:08:15]} Be6 {[%clk 00:56:00]} {[%emt 00:05:35]}
15. Nb6 {[%clk 00:58:32]} {[%emt 00:15:08]} Bc4 {[%clk 00:55:26]} {[%emt
00:01:04]} 16. Qd2 {[%clk 00:54:10]} {[%emt 00:04:51]} Rd8 {[%clk 00:48:17]}
{[%emt 00:07:40]} 17. Nxe5 {[%clk 00:50:29]} {[%emt 00:04:11]} Qxe4 {[%clk
00:48:44]} {[%emt 00:00:03]} 18. Nexc4 {[%clk 00:48:30]} {[%emt 00:02:28]} bxc4
{[%clk 00:48:40]} {[%emt 00:00:35]} 19. Bg5 {[%clk 00:41:54]} {[%emt 00:07:04]}
Be7 {[%clk 00:47:45]} {[%emt 00:01:27]} 20. Bxe7 {[%clk 00:38:21]} {[%emt
00:04:02]} Nxe7 {[%clk 00:47:13]} {[%emt 00:01:02]} 21. Re1 {[%clk 00:37:39]}
{[%emt 00:01:12]} Qb7 {[%clk 00:47:42]} {[%emt 00:00:02]} 22. Nd5 {[%clk
00:35:50]} {[%emt 00:02:18]} Rd7 {[%clk 00:45:42]} {[%emt 00:02:31]} 23. Nxe7
{[%clk 00:33:53]} {[%emt 00:02:26]} Rxe7 {[%clk 00:45:58]} {[%emt 00:00:15]} 24.
Qxd6 {[%clk 00:34:01]} {[%emt 00:00:22]} f6 {[%clk 00:43:50]} {[%emt 00:02:39]}
25. Rxe7+ {[%clk 00:26:54]} {[%emt 00:07:35]} Qxe7 {[%clk 00:44:11]} {[%emt
00:00:09]} 26. Qb8+ {[%clk 00:27:15]} {[%emt 00:00:09]} Qd8 {[%clk 00:44:35]}
{[%emt 00:00:06]} 27. Re1+ {[%clk 00:27:31]} {[%emt 00:00:14]} Kf7 {[%clk
00:44:46]} {[%emt 00:00:19]} 28. Qb7+ {[%emt 00:00:35]} Kg8 {[%clk 00:44:22]}
{[%emt 00:00:51]} 29. h3 {[%clk 00:24:44]} {[%emt 00:03:15]} Qd3 {[%clk
00:39:58]} {[%emt 00:04:54]} 30. Re7 {[%clk 00:17:12]} {[%emt 00:08:02]} Qg6
{[%clk 00:38:50]} {[%emt 00:01:38]} 31. Qe4 {[%clk 00:11:27]} {[%emt 00:06:15]}
Kh7 {[%clk 00:39:04]} {[%emt 00:00:17]} 32. Qxc4 {[%clk 00:11:29]} {[%emt
00:00:27]} Re8 {[%clk 00:37:32]} {[%emt 00:02:02]} 33. Rxe8 {[%clk 00:10:34]}
{[%emt 00:01:25]} Qxe8 {[%clk 00:38:00]} {[%emt 00:00:02]} 34. Qd4 {[%clk
00:10:26]} {[%emt 00:00:38]} Qc8 {[%clk 00:36:48]} {[%emt 00:01:42]} 35. Qc3
{[%clk 00:05:41]} {[%emt 00:05:15]} Qd7 {[%clk 00:35:44]} {[%emt 00:01:34]} 36.
Qc2 {[%clk 00:05:51]} {[%emt 00:00:20]} Kh8 {[%clk 00:35:39]} {[%emt 00:00:36]}
37. b4 {[%clk 00:05:30]} {[%emt 00:00:50]} Qe7 {[%clk 00:35:47]} {[%emt
00:00:22]} 38. Qc8 {[%clk 00:05:17]} {[%emt 00:00:43]} Kh7 {[%clk 00:36:11]}
{[%emt 00:00:06]} 39. Qf5 {[%clk 00:05:31]} {[%emt 00:00:15]} Kg8 {[%clk
00:36:22]} {[%emt 00:00:19]} 40. Qd5+ {[%clk 00:05:25]} {[%emt 00:00:37]} Kh8
{[%clk 00:36:45]} {[%emt 00:00:08]} 41. Qc5 {[%clk 00:04:51]} {[%emt 00:01:03]}
Qe4 {[%clk 00:36:13]} {[%emt 00:01:03]} 42. a4 {[%clk 00:04:10]} {[%emt
00:01:10]} Qd3 {[%clk 00:34:49]} {[%emt 00:01:54]} 43. a5 {[%clk 00:03:54]}
{[%emt 00:00:46]} Qa3 {[%clk 00:34:29]} {[%emt 00:00:51]} 44. Kh2 {[%clk
00:29:10]} {[%emt 00:05:12]} Qa1 {[%clk 01:03:03]} {[%emt 00:01:57]} 45. Qd6
{[%clk 00:28:41]} {[%emt 00:00:59]} Qe1 {[%clk 01:03:06]} {[%emt 00:00:27]} 46.
a6 {[%clk 00:28:00]} {[%emt 00:01:11]} Qxf2 {[%clk 01:03:33]} {[%emt 00:00:04]}
47. Qb8 {[%clk 00:28:20]} {[%emt 00:00:09]} Kh7 {[%clk 01:03:59]} {[%emt
00:00:04]} 48. a7 {[%clk 00:28:21]} {[%emt 00:00:30]} f5 {[%clk 01:04:27]}
{[%emt 00:00:03]} 49. a8=Q {[%clk 00:28:22]} {[%emt 00:00:27]} 1-0

[Event "Tournoi International du Pays de Charleroi 2018"]
[Site "Roux, Belgium"]
[Date "2018.08.02"]
[Round "7.24"]
[White "Barbier, Sigiswald"]
[Black "De Weird, Matthias"]
[Result "0-1"]
[WhiteElo "2117"]
[BlackElo "1962"]

1. c4 {[%clk 01:30:57]} {[%emt 00:00:03]} Nf6 {[%clk 01:30:57]} {[%emt
00:00:04]} 2. g3 {[%clk 01:31:23]} {[%emt 00:00:04]} g6 {[%clk 01:31:22]}
{[%emt 00:00:05]} 3. Bg2 {[%clk 01:31:49]} {[%emt 00:00:03]} Bg7 {[%clk
01:31:49]} {[%emt 00:00:04]} 4. Nc3 {[%clk 01:32:11]} {[%emt 00:00:08]} O-O
{[%clk 01:32:12]} {[%emt 00:00:06]} 5. e4 {[%clk 01:32:02]} {[%emt 00:00:39]}
d6 {[%clk 01:32:31]} {[%emt 00:00:11]} 6. Nge2 {[%clk 01:32:24]} {[%emt
00:00:07]} c5 {[%clk 01:32:56]} {[%emt 00:00:06]} 7. O-O {[%clk 01:32:33]}
{[%emt 00:00:20]} Nc6 {[%clk 01:33:00]} {[%emt 00:00:28]} 8. d3 {[%clk
01:32:58]} {[%emt 00:00:04]} a6 {[%clk 01:32:32]} {[%emt 00:00:59]} 9. h3
{[%clk 01:31:16]} {[%emt 00:02:11]} Ne8 {[%clk 01:32:20]} {[%emt 00:00:43]} 10.
Be3 {[%clk 01:31:33]} {[%emt 00:00:12]} Nc7 {[%clk 01:32:32]} {[%emt 00:00:19]}
11. d4 {[%clk 01:30:35]} {[%emt 00:01:27]} cxd4 {[%clk 01:30:32]} {[%emt
00:02:30]} 12. Nxd4 {[%clk 01:31:00]} {[%emt 00:00:05]} e5 {[%clk 01:28:27]}
{[%emt 00:02:35]} 13. Nde2 {[%clk 01:27:26]} {[%emt 00:04:03]} Ne6 {[%clk
01:27:44]} {[%emt 00:01:14]} 14. Qd2 {[%clk 01:19:21]} {[%emt 00:08:35]} Ned4
{[%clk 01:19:10]} {[%emt 00:09:04]} 15. f4 {[%clk 01:11:19]} {[%emt 00:08:31]}
Be6 {[%clk 01:18:36]} {[%emt 00:01:05]} 16. Nd5 {[%clk 01:10:44]} {[%emt
00:01:04]} b5 {[%clk 01:11:57]} {[%emt 00:07:08]} 17. Rac1 {[%clk 01:04:50]}
{[%emt 00:06:24]} Rb8 {[%clk 01:10:42]} {[%emt 00:01:46]} 18. Bxd4 {[%clk
00:46:53]} {[%emt 00:18:27]} Nxd4 {[%clk 01:10:22]} {[%emt 00:00:50]} 19. Nxd4
{[%clk 00:42:25]} {[%emt 00:04:58]} exd4 {[%clk 01:10:26]} {[%emt 00:00:26]} 20.
Rf3 {[%clk 00:38:12]} {[%emt 00:04:43]} f5 {[%clk 01:07:13]} {[%emt 00:03:44]}
21. exf5 {[%clk 00:37:39]} {[%emt 00:01:02]} Bxf5 {[%clk 01:03:55]} {[%emt
00:03:48]} 22. Ra3 {[%clk 00:37:12]} {[%emt 00:00:56]} bxc4 {[%clk 01:01:38]}
{[%emt 00:02:48]} 23. Rxc4 {[%clk 00:37:25]} {[%emt 00:00:16]} d3 {[%clk
01:02:02]} {[%emt 00:00:06]} 24. b4 {[%clk 00:36:14]} {[%emt 00:01:42]} Re8
{[%clk 01:01:12]} {[%emt 00:01:20]} 25. Bf3 {[%clk 00:16:27]} {[%emt 00:20:16]}
Rc8 {[%clk 01:00:03]} {[%emt 00:01:40]} 26. Rxc8 {[%clk 00:14:11]} {[%emt
00:02:45]} Qxc8 {[%clk 01:00:27]} {[%emt 00:00:07]} 27. Nc3 {[%clk 00:14:29]}
{[%emt 00:00:12]} Bd4+ {[%clk 00:59:34]} {[%emt 00:01:24]} 28. Kh2 {[%clk
00:14:37]} {[%emt 00:00:21]} Re3 {[%clk 00:59:09]} {[%emt 00:00:55]} 29. Bd1
{[%clk 00:13:59]} {[%emt 00:01:07]} Qc6 {[%clk 00:48:35]} {[%emt 00:10:58]} 30.
Rb3 {[%clk 00:13:13]} {[%emt 00:01:23]} Be6 {[%clk 00:42:02]} {[%emt 00:07:03]}
31. Ra3 {[%clk 00:13:35]} {[%emt 00:00:08]} Qb6 {[%clk 00:41:10]} {[%emt
00:01:20]} 32. b5 {[%clk 00:12:07]} {[%emt 00:01:59]} Bxc3 {[%clk 00:41:10]}
{[%emt 00:00:31]} 33. Rxa6 {[%clk 00:10:28]} {[%emt 00:02:09]} Re2 {[%clk
00:41:21]} {[%emt 00:00:20]} 34. Kh1 {[%clk 00:09:56]} {[%emt 00:01:01]} Bd5
{[%clk 00:41:35]} {[%emt 00:00:17]} 0-1

[Event "Tournoi International du Pays de Charleroi 2018"]
[Site "Roux, Belgium"]
[Date "2018.08.02"]
[Round "7.16"]
[White "Maerevoet, Sim"]
[Black "Kulkarni, Rakesh"]
[Result "0-1"]
[BlackTitle "IM"]
[WhiteElo "2115"]
[BlackElo "2363"]

1. c4 {[%clk 01:30:58]} Nf6 {[%clk 01:30:36]} {[%emt 00:00:24]} 2. Nc3 {[%clk
01:31:19]} {[%emt 00:00:09]} e5 {[%clk 01:30:40]} {[%emt 00:00:27]} 3. Nf3
{[%clk 01:31:40]} {[%emt 00:00:09]} Nc6 {[%clk 01:30:34]} {[%emt 00:00:36]} 4.
g3 {[%clk 01:32:04]} {[%emt 00:00:05]} d5 {[%clk 01:30:57]} {[%emt 00:00:08]} 5.
cxd5 {[%clk 01:32:22]} {[%emt 00:00:12]} Nxd5 {[%clk 01:31:22]} {[%emt
00:00:05]} 6. Bg2 {[%clk 01:32:40]} {[%emt 00:00:12]} Nb6 {[%clk 01:31:23]}
{[%emt 00:00:29]} 7. a3 {[%clk 01:33:02]} {[%emt 00:00:08]} Be7 {[%clk
01:25:13]} {[%emt 00:06:39]} 8. b4 {[%clk 01:33:06]} {[%emt 00:00:27]} a6
{[%clk 01:23:15]} {[%emt 00:02:29]} 9. O-O {[%clk 01:30:34]} {[%emt 00:03:01]}
O-O {[%clk 01:20:40]} {[%emt 00:03:04]} 10. d3 {[%clk 01:27:35]} {[%emt
00:03:30]} Be6 {[%clk 01:12:44]} {[%emt 00:08:25]} 11. Be3 {[%clk 01:14:12]}
{[%emt 00:13:54]} Nd5 {[%clk 01:11:15]} {[%emt 00:01:59]} 12. Rc1 {[%clk
01:01:42]} {[%emt 00:13:00]} Nxe3 {[%clk 01:01:33]} {[%emt 00:10:11]} 13. fxe3
{[%clk 01:00:26]} {[%emt 00:01:47]} f5 {[%clk 01:00:14]} {[%emt 00:01:49]} 14.
e4 {[%clk 00:44:54]} {[%emt 00:16:02]} f4 {[%clk 00:56:25]} {[%emt 00:04:19]}
15. gxf4 {[%clk 00:38:29]} {[%emt 00:06:55]} Rxf4 {[%clk 00:56:11]} {[%emt
00:00:43]} 16. e3 {[%clk 00:38:27]} {[%emt 00:00:32]} Rf8 {[%clk 00:49:15]}
{[%emt 00:07:27]} 17. Na4 {[%clk 00:34:21]} {[%emt 00:04:36]} Kh8 {[%clk
00:35:45]} {[%emt 00:14:00]} 18. Nc5 {[%clk 00:22:14]} {[%emt 00:12:37]} Bc8
{[%clk 00:35:23]} {[%emt 00:00:52]} 19. d4 {[%clk 00:21:21]} {[%emt 00:01:23]}
exd4 {[%clk 00:17:46]} {[%emt 00:18:07]} 20. exd4 {[%clk 00:20:16]} {[%emt
00:01:35]} Bxc5 {[%clk 00:16:45]} {[%emt 00:01:31]} 21. Rxc5 {[%clk 00:17:51]}
{[%emt 00:02:54]} Bg4 {[%clk 00:16:40]} {[%emt 00:00:35]} 22. Rd5 {[%clk
00:17:26]} {[%emt 00:00:55]} Qe7 {[%clk 00:16:59]} {[%emt 00:00:11]} 23. Qd3
{[%clk 00:16:06]} {[%emt 00:01:50]} Rad8 {[%clk 00:15:50]} {[%emt 00:01:39]} 24.
h3 {[%clk 00:12:52]} {[%emt 00:03:44]} Bxf3 {[%clk 00:14:33]} {[%emt 00:01:48]}
25. Rxf3 {[%clk 00:12:55]} {[%emt 00:00:27]} Rxf3 {[%clk 00:13:52]} {[%emt
00:01:11]} 26. Bxf3 {[%clk 00:12:22]} {[%emt 00:01:03]} Rxd5 {[%clk 00:14:08]}
{[%emt 00:00:14]} 27. exd5 {[%clk 00:12:44]} {[%emt 00:00:07]} Qg5+ {[%clk
00:14:07]} {[%emt 00:00:31]} 28. Kf2 {[%clk 00:11:50]} {[%emt 00:01:25]} Qh4+
{[%clk 00:13:55]} {[%emt 00:00:41]} 29. Ke3 {[%clk 00:11:54]} {[%emt 00:00:26]}
Qe1+ {[%clk 00:14:05]} {[%emt 00:00:20]} 30. Kf4 {[%clk 00:08:58]} {[%emt
00:03:26]} Ne7 {[%clk 00:11:35]} {[%emt 00:03:00]} 31. Qe4 {[%clk 00:06:06]}
{[%emt 00:03:23]} Qd2+ {[%clk 00:08:27]} {[%emt 00:03:38]} 32. Kg3 {[%clk
00:03:36]} {[%emt 00:03:00]} Qg5+ {[%clk 00:08:50]} {[%emt 00:00:07]} 33. Kf2
{[%clk 00:03:29]} {[%emt 00:00:36]} h6 {[%clk 00:08:46]} {[%emt 00:00:35]} 34.
Qe5 {[%clk 00:03:39]} {[%emt 00:00:20]} Nf5 {[%clk 00:08:46]} {[%emt 00:00:29]}
35. Qe8 {[%clk 00:01:45]} {[%emt 00:02:25]} Kh7 {[%clk 00:09:14]} {[%emt
00:00:01]} 36. Be4 {[%clk 00:01:35]} {[%emt 00:00:41]} Qe3+ {[%clk 00:08:44]}
{[%emt 00:00:59]} 37. Kg2 {[%clk 00:01:37]} {[%emt 00:00:29]} Qg3+ {[%clk
00:08:31]} {[%emt 00:00:42]} 38. Kf1 {[%clk 00:01:56]} {[%emt 00:00:11]} Qxh3+
{[%clk 00:08:56]} {[%emt 00:00:05]} 39. Kf2 {[%clk 00:02:18]} {[%emt 00:00:09]}
Qg3+ {[%clk 00:04:35]} {[%emt 00:04:51]} 40. Kf1 {[%clk 00:02:12]} {[%emt
00:00:35]} Qf4+ {[%clk 00:02:58]} {[%emt 00:02:08]} 41. Ke1 {[%clk 00:24:20]}
{[%emt 00:08:22]} Qe3+ {[%clk 00:32:02]} {[%emt 00:01:25]} 42. Kd1 {[%clk
00:24:28]} {[%emt 00:00:22]} Qxd4+ {[%clk 00:29:44]} {[%emt 00:02:49]} 43. Kc2
{[%clk 00:23:52]} {[%emt 00:01:05]} g6 {[%clk 00:24:24]} {[%emt 00:05:51]} 44.
Bxf5 {[%clk 00:18:08]} {[%emt 00:06:14]} gxf5 {[%clk 00:24:07]} {[%emt
00:00:47]} 45. Qc8 {[%clk 00:18:20]} {[%emt 00:00:17]} Qxd5 {[%clk 00:22:32]}
{[%emt 00:02:05]} 46. Qxc7 {[%clk 00:18:46]} {[%emt 00:00:04]} Kg6 {[%clk
00:22:53]} {[%emt 00:00:10]} 47. Qg3+ {[%clk 00:19:06]} {[%emt 00:00:10]} Kf7
{[%clk 00:23:13]} {[%emt 00:00:10]} 48. Qc7+ {[%clk 00:19:22]} {[%emt
00:00:13]} Kf6 {[%clk 00:23:17]} {[%emt 00:00:26]} 49. Qh7 {[%clk 00:19:23]}
{[%emt 00:00:29]} Qg2+ {[%clk 00:21:53]} {[%emt 00:01:54]} 0-1

[Event "Tournoi International du Pays de Charleroi 2018"]
[Site "Roux, Belgium"]
[Date "2018.08.02"]
[Round "7.21"]
[White "Verheyen, Olivier"]
[Black "Iolis, Oleg"]
[Result "1-0"]
[WhiteElo "2012"]
[BlackElo "2151"]

1. e4 {[%clk 01:30:57]} {[%emt 00:00:02]} c5 {[%clk 01:30:57]} {[%emt
00:00:04]} 2. Nf3 {[%clk 01:31:23]} {[%emt 00:00:04]} d6 {[%clk 01:31:23]}
{[%emt 00:00:04]} 3. d4 {[%clk 01:31:48]} {[%emt 00:00:04]} cxd4 {[%clk
01:31:50]} {[%emt 00:00:03]} 4. Nxd4 {[%clk 01:32:12]} {[%emt 00:00:06]} Nf6
{[%clk 01:32:18]} {[%emt 00:00:03]} 5. Nc3 {[%clk 01:32:37]} {[%emt 00:00:05]}
a6 {[%clk 01:32:46]} {[%emt 00:00:02]} 6. h3 {[%clk 01:32:42]} {[%emt
00:00:25]} e5 {[%clk 01:33:10]} {[%emt 00:00:06]} 7. Nde2 {[%clk 01:33:10]} h5
{[%clk 01:33:28]} {[%emt 00:00:13]} 8. Bg5 {[%clk 01:33:26]} {[%emt 00:00:13]}
Be6 {[%clk 01:32:00]} {[%emt 00:01:58]} 9. Bxf6 {[%clk 01:33:46]} {[%emt
00:00:10]} Qxf6 {[%clk 01:32:22]} {[%emt 00:00:09]} 10. Nd5 {[%clk 01:34:13]}
{[%emt 00:00:03]} Qd8 {[%clk 01:32:39]} {[%emt 00:00:12]} 11. Qd3 {[%clk
01:30:38]} {[%emt 00:04:05]} Nc6 {[%clk 01:29:19]} {[%emt 00:03:51]} 12. O-O-O
{[%clk 01:27:41]} {[%emt 00:03:26]} g6 {[%clk 01:29:10]} {[%emt 00:00:39]} 13.
Nec3 {[%clk 01:20:20]} {[%emt 00:07:51]} b5 {[%clk 01:24:24]} {[%emt 00:05:17]}
14. a3 {[%clk 01:18:58]} {[%emt 00:01:53]} Rc8 {[%clk 01:17:58]} {[%emt
00:06:55]} 15. Kb1 {[%clk 01:18:26]} {[%emt 00:01:02]} Bg7 {[%clk 01:13:42]}
{[%emt 00:04:46]} 16. Ne3 {[%clk 01:06:56]} {[%emt 00:11:58]} Nd4 {[%clk
01:13:04]} {[%emt 00:01:09]} 17. Ncd5 {[%clk 01:04:59]} {[%emt 00:02:27]} Bxd5
{[%clk 01:12:58]} {[%emt 00:00:36]} 18. exd5 {[%clk 01:04:21]} {[%emt
00:01:08]} f5 {[%clk 01:09:36]} {[%emt 00:03:52]} 19. f3 {[%clk 01:00:13]}
{[%emt 00:04:38]} Qf6 {[%clk 01:06:34]} {[%emt 00:03:32]} 20. c3 {[%clk
00:55:04]} {[%emt 00:05:40]} Nb3 {[%clk 01:06:53]} {[%emt 00:00:10]} 21. Qc2
{[%clk 00:55:00]} {[%emt 00:00:33]} Nc5 {[%clk 01:07:08]} {[%emt 00:00:16]} 22.
Bd3 {[%clk 00:52:44]} {[%emt 00:02:47]} Na4 {[%clk 01:01:32]} {[%emt 00:06:06]}
23. Rde1 {[%clk 00:41:52]} {[%emt 00:11:21]} O-O {[%clk 01:00:12]} {[%emt
00:01:50]} 24. Nd1 {[%clk 00:39:42]} {[%emt 00:02:39]} h4 {[%clk 00:58:16]}
{[%emt 00:02:27]} 25. Rhg1 {[%clk 00:39:22]} {[%emt 00:00:50]} Qg5 {[%clk
00:41:43]} {[%emt 00:17:02]} 26. Qc1 {[%clk 00:20:36]} {[%emt 00:19:17]} Qxc1+
{[%clk 00:41:01]} {[%emt 00:01:13]} 27. Kxc1 {[%clk 00:21:03]} {[%emt
00:00:01]} Bh6+ {[%clk 00:41:20]} {[%emt 00:00:12]} 28. Kb1 {[%clk 00:21:06]}
{[%emt 00:00:26]} Bf4 {[%clk 00:40:43]} {[%emt 00:01:08]} 29. Bc2 {[%clk
00:19:42]} {[%emt 00:01:54]} Nb6 {[%clk 00:39:57]} {[%emt 00:01:16]} 30. Re2
{[%clk 00:16:51]} {[%emt 00:03:21]} Kg7 {[%clk 00:38:32]} {[%emt 00:01:55]} 31.
Bb3 {[%clk 00:15:59]} {[%emt 00:01:22]} Rce8 {[%clk 00:23:51]} {[%emt
00:15:11]} 32. Nf2 {[%clk 00:15:34]} {[%emt 00:00:54]} Bg3 {[%clk 00:23:48]}
{[%emt 00:00:34]} 33. Nh1 {[%clk 00:15:21]} {[%emt 00:00:42]} Kf6 {[%clk
00:16:34]} {[%emt 00:07:45]} 34. Nxg3 {[%clk 00:14:38]} {[%emt 00:01:13]} hxg3
{[%clk 00:16:59]} {[%emt 00:00:06]} 35. Kc2 {[%clk 00:14:35]} {[%emt 00:00:32]}
Re7 {[%clk 00:16:28]} {[%emt 00:01:01]} 36. Rge1 {[%clk 00:13:51]} {[%emt
00:01:14]} Rfe8 {[%clk 00:16:45]} {[%emt 00:00:13]} 37. Kd3 {[%clk 00:13:23]}
{[%emt 00:00:57]} Nd7 {[%clk 00:14:46]} {[%emt 00:02:30]} 38. Bc2 {[%clk
00:13:12]} {[%emt 00:00:40]} Kg5 {[%clk 00:11:41]} {[%emt 00:03:36]} 39. Re3
{[%clk 00:08:33]} {[%emt 00:05:09]} Kf4 {[%clk 00:10:25]} {[%emt 00:01:46]} 40.
Kd2 {[%clk 00:08:31]} {[%emt 00:00:32]} Nf6 {[%clk 00:09:33]} {[%emt 00:01:21]}
41. Bb3 {[%clk 00:08:15]} {[%emt 00:00:47]} g5 {[%clk 00:06:17]} {[%emt
00:03:46]} 42. Rf1 {[%clk 00:07:54]} {[%emt 00:00:51]} g4 {[%clk 00:26:26]}
{[%emt 00:10:21]} 43. fxg4+ {[%clk 00:37:16]} {[%emt 00:01:07]} Kg5 {[%clk
00:26:54]} {[%emt 00:00:03]} 44. Rxf5+ {[%clk 00:36:55]} {[%emt 00:00:52]} Kg6
{[%clk 00:27:19]} {[%emt 00:00:04]} 45. Ke2 {[%clk 00:35:19]} {[%emt 00:02:05]}
e4 {[%clk 00:26:35]} {[%emt 00:01:14]} 46. Rxg3 {[%clk 00:34:44]} {[%emt
00:01:05]} Re5 {[%clk 00:24:49]} {[%emt 00:02:17]} 47. h4 {[%clk 00:34:22]}
{[%emt 00:00:51]} Rxf5 {[%clk 00:25:08]} {[%emt 00:00:12]} 48. gxf5+ {[%clk
00:34:51]} {[%emt 00:00:01]} Kxf5 {[%clk 00:25:31]} {[%emt 00:00:07]} 49. Rg5+
{[%clk 00:35:11]} {[%emt 00:00:10]} 1-0